PSYCHOLOGISTS STILL UNITED BY THE DANUBE

Bibliographic Details
Main Author: Kováč, Damián, 1929-2021 (Author)
Format: Article
Language:English

MARC

LEADER 00000nab a2200000ua 4500
001 vtls010795145
003 SK-MaSNL
005 20260303152352.0
008 230222s1993 xo |||||||||||||||||eng|
035 |a (urnnbn)urn:nbn:sk:snk:ar-a02vpe 
035 |a (uuid)f025715d-600a-45ff-96a5-467eb0101a1a 
035 |a urn:nbn:sk:snk-ab4ooo 
040 |a SNKBUCL  |b slo  |c SNKBUCL  |e AACR2 
041 0 |a eng 
044 |a xo  |c SK 
100 1 |a Kováč, Damián,  |d 1929-2021  |4 aut  |9 217260 
245 1 0 |a PSYCHOLOGISTS STILL UNITED BY THE DANUBE  |c Damián Kováč 
773 0 |t Studia psychologica : an international journal for research and theory in psychological sciences  |g Roč. 35, č. 4-5 (1993), s. 273-275 
958 |a OND 
958 |a EUIPO 
958 |a article3 
999 |c 2023049  |d 2024979